000 01072nam a2200289Ia 4500
003 PE SENCICO BE
005 20260319171035.0
008 200515s9999 xx 000 0 und d
020 _a978-84-9801-693-2
040 _aPE SENCICO BE
_cPE SENCICO BE
041 _aspa
082 _a749
_bL31
100 1 _aLawson, Stuart
_9604
_eautor
245 1 0 _aDiseño de muebles :
_bdesarrollo, materiales, fabricación /
_cStuart Lawson
250 _a1a ed.
260 _aBarcelona :
_bBlume ;
_c2013
300 _bilustraciones a color, láminas, fotografías :
_a224 páginas ;
_c28 cm.
505 0 _aEvolución del diseño de muebles -- El proceso de diseño -- Materiales, fabricación y sostenibilidad
520 3 _aGuía y obra de consulta para diseñadores de muebles, destinada principalmente a estudiantes que analizan diseños pioneros tanto históricos como contemporáneos.
650 1 0 _aMuebles
_97
650 2 0 _aDiseño
_9605
650 2 0 _aErgonomía
_99
650 2 0 _aHistoria
_9383
650 2 0 _aSillas
_9606
942 _cLIB
_2ddc
999 _c1640
_d1640